Oceans of the world. (Record no. 115004)
[ view plain ]
| 000 -LEADER | |
|---|---|
| fixed length control field | 00293nam a2200121 a 4500 |
| 005 - DATE AND TIME OF LATEST TRANSACTION | |
| control field | 20140414132119.0 |
| 008 - FIXED-LENGTH DATA ELEMENTS--GENERAL INFORMATION | |
| fixed length control field | 111122s19uu xx 00 eng d |
| 050 ## - LIBRARY OF CONGRESS CALL NUMBER | |
| Classification number | M 551.46 |
| Item number | W46 1995 |
| 100 ## - MAIN ENTRY--PERSONAL NAME | |
| Personal name | Wells, Susan |
| 245 ## - TITLE STATEMENT | |
| Title | Oceans of the world. |
| 250 ## - EDITION STATEMENT | |
| Edition statement | Horus editions |
| Withdrawn status | Lost status | Damaged status | Home library | Current library | Shelving location | Date acquired | Source of acquisition | Total Checkouts | Full call number | Barcode | Date last seen | Price effective from | Koha item type |
|---|---|---|---|---|---|---|---|---|---|---|---|---|---|
| Munich Library | Munich Library | Main Section | 11/22/2011 | M 551.46 W46 1995 | M6955 | 04/14/2014 | 04/14/2014 | Books |